000 01442cam a22001814a 4500
005 20250605163511.0
008 250528s ||||||||||||||||||||||||d
035 _a20578
040 _aGR-AtMCL
_bgre
_dGR-AtMCL
_eAACR2
245 1 _aΗ Αγία Γραφή / Η Παλαιά Διαθήκη κατά τους Εβδομήκοντα
250 _a13η
260 _bΑδελφότητας Θεολόγων Η ''Ζωή'',
_c1994
300 _a1074
520 _aΈγκρισει της Δ. Ιεράς Συνόδου της Εκκλησίας της Ελλάδος. Γένεσις, Έξοδος, Λευτικόν, Αριθμοί, Δευτερονόμιον, Ιησούς Ναυή, Κριταί, Ρουθ, Βασιλείων Α'-Β-Γ-Δ, Παραλειπόμενων Α'-Β', Εσδράς Α'-Β', Νέεμαις, Τωβιτ, Ιουδίθ, Εσθήρ, Μακκαβαίων Α'-Β'-Γ', Ψαλμοί, Ιώβ, Παροιμία Σολομώντος, Εκκλησιαστής, Άσμα, Σοφία Σολομώντος, Σοφία Σειράχ, Ώσηε, Άμως, Μιχαίας, Ιωήλ, Έβδιου, Ιωνάς, Ναούμ, Αμβακούμ, Σοφονίας, Αγγαίος, Ζαχαρίας, Μαλαχίας, Ησαϊας, Ιερεμίας, Βαρούχ, Θρήνοι Ιερέμιου, Επιστολή, Ιεζεκιήλ, Δανιήλ, Παράρτημα Μακκαβαίων Δ'.
942 _cBK
999 _c5669
_d5669